000 00647 a2200265 4500
260 _aCotonou
100 _aAGBALE, NoƩmi
700 _aDJODAN, Claire
260 _bENEAM
300 _b51 p
245 _aLa gestion du portefeuille client dans une entreprise prestataire de service: cas de la SOBEMAP
650 _aCOMPTABILITE
650 _aGESTION
650 _aGESTION DU PORTEFEUILLE
650 _aPORTEFEUILLE CLIENT
650 _aENTREPRISE PRESTATAIRE
650 _a PRESTATAIRE DE SERVICE
650 _aSOBEMAP
260 _c2007
130 _lFr
500 _a2 ex
040 _aENEAM
999 _c9754
_d9754